El Cid. Nicomedes
Wedi'i Gadw mewn:
| Prif Awdur: | |
|---|---|
| Fformat: | Llyfr |
| Iaith: | Sbaeneg |
| Cyhoeddwyd: |
Buenos Aires
Espasa-Calpe
1948
|
| Rhifyn: | 2a. ed |
| Cyfres: | Colección Austral,
|
| Pynciau: | |
| Mynediad Ar-lein: | Disponible Online |
| Tagiau: |
Ychwanegu Tag
Dim Tagiau, Byddwch y cyntaf i dagio'r cofnod hwn!
|
MARC
| LEADER | 00000nam a2200000 a 4500 | ||
|---|---|---|---|
| 001 | UCX3165 | ||
| 003 | CL-VaPUC | ||
| 005 | 20240513131023.0 | ||
| 008 | 911007e19480000AG |||||||||||||||||spa|d | ||
| 999 | |c 223978 |d 223976 | ||
| 040 | |c Pontificia Universidad Católica de Valparaíso | ||
| 082 | 0 | 4 | |a 842 COR 1948 |2 21 |
| 100 | 0 | |a Corneille, Pierre |e author |9 318173 | |
| 245 | 1 | 3 | |a El Cid. |b Nicomedes |
| 250 | |a 2a. ed | ||
| 260 | |a Buenos Aires |b Espasa-Calpe |c 1948 | ||
| 300 | |a 149 páginas | ||
| 440 | |a Colección Austral, |n 813 |9 860441 | ||
| 583 | |a last modification |c 19911007 00:00:00 |k Rodrigo Vera | ||
| 650 | 0 | |a Drama francés |2 CL-VaPUC |9 313202 | |
| 856 | |u https://bibliografiadigital.pucv.cl/index.php/bibliotecapucv/catalog/book/306 |y Disponible Online | ||
| 942 | |c BK |2 ddc | ||
| 945 | |d 19911007 00:00:00 | ||
| 952 | |0 0 |1 0 |4 0 |6 842_000000000000000_COR_1948 |7 0 |8 A |9 220295 |a BIBEDU |b BIBEDU |d 2019-11-15 |i 2890305 |l 2 |o 842 COR 1948 |p 2890305 |r 2023-05-26 |s 2023-05-19 |w 2019-11-15 |y BK |k LIT | ||